Normal view
MARC view
- Commercial law
Entry Topical Term
001 - CONTROL NUMBER
- control field: 120624
003 - CONTROL NUMBER IDENTIFIER
- control field: OSt
005 - DATE AND TIME OF LATEST TRANSACTION
- control field: 20230306145436.0
008 - FIXED-LENGTH DATA ELEMENTS
- fixed length control field: 230306|| aca||aabn | a|a d
040 ## - CATALOGING SOURCE
- Original cataloging agency: OSt
- Transcribing agency: OSt
150 ## - HEADING--TOPICAL TERM
- Topical term or geographic name entry element: Commercial law
670 ## - SOURCE DATA FOUND
- Source citation: Work cat.: (OSt)96755: Davis D R 118640, The Dharma of Business - Commercial Law in Medieval India, 2017